000 00469nam a22001337a 4500
008 230620b xxu||||| |||| 00| 0 eng d
082 _a323.40
_bHOP
110 _bThe Johns Hopkins University press
245 _aHuman Rights Quarterly
_bA comparative and International Journal of the Social Sciences, Humanities, and Law
_cvolume 15
260 _bThe Johns Hopkins University press
_c1993
300 _a861p
440 _nNumber 4
_vVolume 15
_x02750392
942 _2ddc
_cBK
999 _c1862
_d1862